Body Part Expressions II Quiz Stats

 Plays Quiz Updated Jun 20, 2015

Challenge
Share
Tweet
Embed
Score 0/24 Timer 05:00
5 Plays Today
Expression Body Part % Correct
Bury your ____ in the sandHead
98.9%
Costs an ___ and a legArm
97.3%
Get off on the wrong ____Foot
97%
Caught red-____edHand
96.9%
He's foaming at the ____Mouth
96.9%
Give the cold ____Shoulder
96.5%
Play it by ____Ear
96.2%
My ____ are sealedLips
95.7%
Wearing your ____ on your sleeveHeart
94.9%
She has a green ____Thumb
94.8%
Shake a ____Leg
94.8%
The cat's got your ___Tongue
94.5%
Expression Body Part % Correct
Pull the wool over your ____Eyes
93.9%
Turn the other ____Cheek
93.7%
____ greaseElbow
93.2%
Rack your ____Brain
92.5%
Cut off your ____ to spite your faceNose
91.8%
Let your ___ downHair
89.5%
There's more than one way to ____ a catSkin
87.9%
____ the musicFace
85.6%
____ the lineToe
85.2%
____ dry (or dry as a ____)Bone
79.5%
Kick up your ____Heels
75.5%
Long in the ____Tooth
70.4%

You're not logged in!

Compare scores with friends on all Sporcle quizzes.
OR
Log In

You Might Also Like...

Show Comments

Extras

Top Quizzes Today


Score Distribution

Your Account Isn't Verified!

In order to create a playlist on Sporcle, you need to verify the email address you used during registration. Go to your Sporcle Settings to finish the process.

Report this User

Report this user for behavior that violates our Community Guidelines.

Details: